000 00554nam a2200193Ia 4500
005 20250326141721.0
008 250326s9999 xx 000 0 und d
020 _a1-55542-235-7
037 _aTextbook
040 _aFMSL
_beng
_cFMSL
041 _aeng
_2eng
084 _aX:74 N0
_qFMSL
100 _aSimerly R G
_9744950
245 0 _aPlanning and marketing conferences and workshops
_cSimerly R G
260 _aSan Francisco
_bSan Francisco, Jossey-Bass
_c1990
300 _a236p
942 _cTB
_hX:74 N0
999 _c1291640
_d1291640